Statistics for Top 10 A.S. Roma Goalscorers

Click here to take the quiz!

General Stats

  • This quiz has been taken 293 times
  • The average score is 3 of 10

Answer Stats

PlacePlayers# Goals% Correct
1Francesco Totti266
100%
4Vincenzo Montella102
52%
7Marco Delvecchio77
31%
2Roberto Pruzzo136
29%
9Giuseppe Giannini75
21%
6Abel Balbo78
17%
5Amadeo Amadei101
13%
3Rodolfo Volk103
10%
8Pedro Manfredini76
7%
10Dino Da Costa71
7%

Score Distribution

Percentile by Number Answered

Percent of People with Each Score

Your Score History

You have not taken this quiz